[Event "41st IT Bosna 2011"]
[Site "Sarajevo"]
[Date "2011.05.03"]
[Round "1.1"]
[White "Naiditsch, Arkadij"]
[Black "Vojinovic, Jovana"]
[Result "1-0"]
[WhiteElo "2716"]
[BlackElo "2305"]
[PlyCount "55"]
[EventDate "2011.05.03"]

1. e4 c5 2. Nf3 d6 3. Nc3 Nc6 4. d4 cxd4 5. Nxd4 Nf6 6. Bg5 e6 7. Qd2 Qb6 8.
Nb3 Be7 9. O-O-O O-O 10. g4 a6 11. Be2 Rd8 12. Be3 Qc7 13. g5 Nd7 14. h4 b5 15.
g6 fxg6 16. h5 Nf8 17. hxg6 hxg6 18. f4 b4 19. Na4 Rb8 20. Bd3 Na5 21. f5 Nc4
22. Bxc4 Qxc4 23. Bg5 Bxg5 24. Qxg5 Bd7 25. fxg6 Rdc8 26. Nd4 Rb5 27. Qh4 Nxg6
28. Qh7+ 1-0

[Event "41st IT Bosna 2011"]
[Site "Sarajevo"]
[Date "2011.05.03"]
[Round "1.2"]
[White "Kamberovic, Senad"]
[Black "Jobava, Baadur"]
[Result "0-1"]
[WhiteElo "2272"]
[BlackElo "2704"]
[PlyCount "86"]
[EventDate "2011.05.03"]

1. d4 Nf6 2. Nf3 e6 3. e3 b6 4. Bd3 Bb7 5. O-O g6 6. b3 Bg7 7. Bb2 O-O 8. Nbd2
d6 9. Qe2 c5 10. Rfd1 Nc6 11. a3 Qe7 12. Ba6 Rad8 13. Bxb7 Qxb7 14. Rab1 Nh5
15. dxc5 Bxb2 16. Rxb2 dxc5 17. Rbb1 Nf6 18. Qc4 Nd5 19. Ra1 Qe7 20. Ne4 Rd7
21. b4 Rfd8 22. bxc5 Nxe3 23. Rxd7 Nxc4 24. Rxe7 Nxe7 25. cxb6 axb6 26. g3 Nc6
27. Kg2 f5 28. Nc3 e5 29. a4 e4 30. Ng1 Rd2 31. Nge2 Rxc2 32. Rd1 N6e5 33. Rd8+
Kg7 34. Rb8 g5 35. Rb7+ Kh6 36. Kf1 f4 37. gxf4 gxf4 38. Nxf4 Rxc3 39. Nd5 Rf3
40. Kg2 Nd3 41. Nxb6 Rxf2+ 42. Kg3 Rf3+ 43. Kh4 Ne3 0-1

[Event "41st IT Bosna 2011"]
[Site "Sarajevo"]
[Date "2011.05.03"]
[Round "1.3"]
[White "Georgiev, Kiril"]
[Black "Konjicanin, Muris"]
[Result "1-0"]
[WhiteElo "2656"]
[BlackElo "2261"]
[PlyCount "127"]
[EventDate "2011.05.03"]

1. d4 d5 2. Nf3 Nf6 3. c4 c6 4. Nc3 e6 5. Bg5 Nbd7 6. cxd5 cxd5 7. e3 a6 8. Bd3
Be7 9. O-O O-O 10. Ne5 Nxe5 11. dxe5 Nd7 12. Bxe7 Qxe7 13. f4 b5 14. Qh5 g6 15.
Qh6 Bb7 16. Rf3 f5 17. exf6 Rxf6 18. Rg3 e5 19. f5 e4 20. Bc2 Qg7 21. Qxg7+
Kxg7 22. fxg6 Rxg6 23. Rxg6+ hxg6 24. Rd1 Nf6 25. Bb3 Rd8 26. h3 g5 27. Kf2 Kg6
28. a3 Kf5 29. Ne2 Ke5 30. Rc1 Rc8 31. Rxc8 Bxc8 32. Nd4 Bd7 33. Bd1 Ne8 34.
Be2 Nd6 35. Nc2 Nc4 36. b3 Nd2 37. b4 Nb3 38. Bh5 Be6 39. Bg6 d4 40. exd4+ Nxd4
41. Ne1 Bf5 42. Bf7 Be6 43. Bh5 Kd5 44. Bg6 Bf5 45. Bf7+ Be6 46. Bxe6+ Kxe6 47.
g3 Kd5 48. Ng2 Kc4 49. Ke3 Nf5+ 50. Kxe4 Nxg3+ 51. Kf3 Nf5 52. Kg4 Nd4 53. Kxg5
Kb3 54. Kf6 Nf3 55. Ne1 Nxe1 56. h4 Kxa3 57. h5 Kxb4 58. h6 Kc3 59. h7 b4 60.
h8=Q b3 61. Ke6+ Kc2 62. Qh2+ Kc1 63. Qf4+ Kc2 64. Qf2+ 1-0

[Event "41st IT Bosna 2011"]
[Site "Sarajevo"]
[Date "2011.05.03"]
[Round "1.5"]
[White "Smeets, Jan"]
[Black "Terzic, Ilijas"]
[Result "1-0"]
[WhiteElo "2647"]
[BlackElo "2224"]
[PlyCount "81"]
[EventDate "2011.05.03"]

1. e4 c5 2. Nf3 e6 3. d4 cxd4 4. Nxd4 Nf6 5. Nc3 d6 6. g4 Nc6 7. g5 Nd7 8. Be3
Be7 9. h4 a6 10. Qd2 Qc7 11. O-O-O b5 12. Nxc6 Qxc6 13. Qd4 O-O 14. h5 f6 15.
Rg1 Ne5 16. Be2 Qc7 17. g6 h6 18. Qd2 Rd8 19. f4 Nc4 20. Bxc4 Qxc4 21. b3 Qc7
22. Nd5 exd5 23. Qxd5+ Kh8 24. Qxa8 Bb7 25. Qa7 Rc8 26. Rd2 Bxe4 27. Qxc7 Rxc7
28. Kb2 d5 29. c3 Kg8 30. Rgd1 Kf8 31. Rxd5 Bxd5 32. Rxd5 Ke8 33. Kc2 Rc6 34.
Kd3 Bd6 35. c4 bxc4+ 36. bxc4 Ke7 37. c5 Bc7 38. Ke4 Re6+ 39. Kf3 Rc6 40. f5
Be5 41. Rd3 1-0

[Event "41st IT Bosna 2011"]
[Site "Sarajevo"]
[Date "2011.05.03"]
[Round "1.6"]
[White "Kruskic, Mirsad"]
[Black "Lupulescu, Constantin"]
[Result "0-1"]
[WhiteElo "2216"]
[BlackElo "2638"]
[PlyCount "94"]
[EventDate "2011.05.03"]

1. c4 c5 2. Nc3 Nf6 3. Nf3 d5 4. cxd5 Nxd5 5. g3 Nc6 6. Bg2 Nc7 7. d3 e5 8. Be3
Bd7 9. O-O Be7 10. Bd2 O-O 11. Ne1 b6 12. Nc2 Rc8 13. Ne3 Nd4 14. Ned5 Nxd5 15.
Nxd5 Bg4 16. Re1 Bd6 17. h3 Bh5 18. g4 Bg6 19. e4 f6 20. Rc1 Bf7 21. Nc3 Bb8
22. Be3 Nc6 23. b3 Nb4 24. Bf1 Qd7 25. a3 Nc6 26. Ne2 Be6 27. Ng3 g6 28. Rc3
Qf7 29. Qb1 Nd4 30. Bg2 Nb5 31. Rcc1 Nxa3 32. Qb2 Nb5 33. Rb1 a5 34. Ne2 Rfd8
35. Red1 Rd7 36. f4 exf4 37. Bxf4 Nd4 38. Bxb8 Rxb8 39. Rf1 Qe7 40. Nf4 Bxb3
41. Rf2 a4 42. Rbf1 b5 43. Nd5 Bxd5 44. exd5 Rf8 45. Qd2 Qd6 46. Qh6 a3 47. Re1
b4 0-1

[Event "41st IT Bosna 2011"]
[Site "Sarajevo"]
[Date "2011.05.03"]
[Round "1.7"]
[White "Lenic, Luka"]
[Black "Bandic, Adnan"]
[Result "1-0"]
[WhiteElo "2637"]
[BlackElo "2210"]
[PlyCount "81"]
[EventDate "2011.05.03"]

1. d4 d5 2. Nf3 c6 3. c4 e6 4. e3 f5 5. Be2 Nf6 6. O-O Bd6 7. b3 Qe7 8. Bb2 O-O
9. Nbd2 Bd7 10. Ne5 Be8 11. Rc1 Ne4 12. Nb1 Rf6 13. f3 Ng5 14. Bd3 Nd7 15. Nd2
Bh5 16. Qe1 Rh6 17. Rf2 Nxe5 18. dxe5 Bb4 19. cxd5 cxd5 20. Bc3 Ba3 21. Rc2 Rf8
22. Nb1 Bc5 23. Bd4 Bb4 24. Qc1 Rg6 25. Kh1 Qd8 26. Nc3 Nf7 27. Ne2 Rh6 28. Nf4
Qa5 29. Rc8 g5 30. Nxh5 Rxh5 31. Rfc2 b6 32. g4 fxg4 33. fxg4 Rh4 34. Rf2 Be1
35. Rxf8+ Kxf8 36. Qc8+ Kg7 37. Rxf7+ Kxf7 38. Qd7+ Kf8 39. Qd8+ Kf7 40. Qf6+
Ke8 41. Qxe6+ 1-0

[Event "41st IT Bosna 2011"]
[Site "Sarajevo"]
[Date "2011.05.03"]
[Round "1.8"]
[White "Djukic, Sandra"]
[Black "Saric, Ivan"]
[Result "0-1"]
[WhiteElo "2202"]
[BlackElo "2637"]
[PlyCount "76"]
[EventDate "2011.05.03"]

1. d4 Nf6 2. Nf3 g6 3. c3 Bg7 4. Bf4 d6 5. e3 Nh5 6. Bg5 h6 7. Bh4 O-O 8. Bc4
Qe8 9. Nbd2 e5 10. O-O Nc6 11. h3 Kh8 12. Ne1 f5 13. Be2 Nf6 14. Bg3 g5 15. Nc2
f4 16. exf4 exf4 17. Bh2 Bf5 18. Ne1 Qg6 19. Ndf3 Rae8 20. Bd3 Ne4 21. d5 Ne7
22. Bc4 c5 23. dxc6 Nxc6 24. Rc1 h5 25. Nc2 Ne5 26. Bb5 Re7 27. Ncd4 Nxf3+ 28.
Nxf3 g4 29. hxg4 hxg4 30. Nh4 Qg5 31. g3 fxg3 32. Bxg3 Bh7 33. Ba4 Nxg3 34.
fxg3 Qe3+ 35. Kh2 Rf2+ 36. Rxf2 Qxf2+ 37. Ng2 Re6 38. Kh1 Rh6+ 0-1

[Event "41st IT Bosna 2011"]
[Site "Sarajevo"]
[Date "2011.05.03"]
[Round "1.9"]
[White "Parligras, Mircea-Emilian"]
[Black "Mrndjic, Muamer"]
[Result "1-0"]
[WhiteElo "2626"]
[BlackElo "2182"]
[PlyCount "83"]
[EventDate "2011.05.03"]

1. d4 d5 2. c4 c6 3. Nf3 Nf6 4. e3 e6 5. b3 Nbd7 6. Bd3 Bd6 7. Bb2 O-O 8. O-O
Re8 9. Ne5 Nf8 10. Nd2 c5 11. dxc5 Bxc5 12. Rc1 d4 13. exd4 Bxd4 14. Bxd4 Qxd4
15. Ndf3 Qc5 16. Qd2 a5 17. Qf4 Ng6 18. Bxg6 fxg6 19. Rcd1 a4 20. Nd3 Qf5 21.
Qc7 axb3 22. axb3 Qa5 23. Qxa5 Rxa5 24. b4 Ra3 25. Nfe5 g5 26. f3 h6 27. b5 b6
28. Ra1 Rc3 29. Rfc1 Rxc1+ 30. Nxc1 Rd8 31. Ncd3 g4 32. fxg4 Nxg4 33. Nxg4 Rxd3
34. Ra8 Rd8 35. Ne5 Kh7 36. Rb8 Rd1+ 37. Kf2 Rd8 38. Ke3 g5 39. Rxb6 Kg7 40.
Rb8 Kf6 41. Nc6 Re8 42. b6 1-0

[Event "41st IT Bosna 2011"]
[Site "Sarajevo"]
[Date "2011.05.03"]
[Round "1.10"]
[White "Bucan, Eldin"]
[Black "Predojevic, Borki"]
[Result "0-1"]
[WhiteElo "2177"]
[BlackElo "2617"]
[PlyCount "126"]
[EventDate "2011.05.03"]

1. e4 c5 2. Nf3 e6 3. d4 cxd4 4. Nxd4 a6 5. c4 Nf6 6. Nc3 Qc7 7. Bd3 Nc6 8.
Nxc6 dxc6 9. O-O Bd6 10. f4 e5 11. f5 Bc5+ 12. Kh1 b6 13. Qf3 Bb7 14. Be3 Nd7
15. Bxc5 Nxc5 16. Bc2 a5 17. Rad1 f6 18. a3 O-O 19. Qh5 a4 20. Rf3 Qf7 21.
Qxf7+ Rxf7 22. Rf2 Rc7 23. Rfd2 Ba6 24. Nxa4 Nxa4 25. Bxa4 Bxc4 26. Rd8+ Rxd8
27. Rxd8+ Kf7 28. Bd1 Ke7 29. Rd2 c5 30. Kg1 Ba6 31. Kf2 c4 32. Be2 Bb7 33. Ke3
c3 34. bxc3 Rxc3+ 35. Rd3 Rc2 36. Rb3 Bxe4 37. Kxe4 Rxe2+ 38. Kf3 Ra2 39. Rxb6
Rxa3+ 40. Ke4 h6 41. Rb7+ Kf8 42. Rb2 Ra4+ 43. Kd5 Kf7 44. Rb7+ Kg8 45. Rb2 h5
46. Ke6 Kh7 47. g3 h4 48. Kf7 hxg3 49. hxg3 Kh6 50. Ke6 Kg5 51. Rb6 Ra3 52. Kf7
Kxf5 53. Kxg7 Rxg3+ 54. Kf7 e4 55. Rxf6+ Ke5 56. Re6+ Kd4 57. Kf6 Rf3+ 58. Kg5
e3 59. Kg4 Rf8 60. Kg3 Kd3 61. Rd6+ Ke2 62. Rg6 Rd8 63. Kh2 Kd2 0-1

[Event "41st IT Bosna 2011"]
[Site "Sarajevo"]
[Date "2011.05.03"]
[Round "1.11"]
[White "Erdos, Viktor"]
[Black "Sadikovic, Samir"]
[Result "1-0"]
[WhiteElo "2609"]
[BlackElo "2167"]
[PlyCount "69"]
[EventDate "2011.05.03"]

1. d4 d5 2. Nf3 Bf5 3. c4 e6 4. Nc3 Nc6 5. Bg5 Be7 6. Bxe7 Ngxe7 7. e3 O-O 8.
Rc1 a6 9. a3 Ng6 10. cxd5 exd5 11. Qb3 Nce7 12. Qxb7 Rb8 13. Qxa6 Rxb2 14. Be2
c6 15. O-O Qd6 16. Rfe1 Rfb8 17. Qa7 R2b6 18. Na4 R8b7 19. Qa5 Qxa3 20. Ra1 Qb4
21. Nxb6 Qxb6 22. Qxb6 Rxb6 23. Ra8+ Nf8 24. Ra7 Nfg6 25. Ne5 f6 26. Nxg6 Nxg6
27. Rc7 Kf8 28. g4 Bc2 29. Ra1 Rb1+ 30. Rxb1 Bxb1 31. Rxc6 Ne7 32. Rb6 Ba2 33.
Rb2 Bc4 34. Bxc4 dxc4 35. Rc2 1-0

[Event "41st IT Bosna 2011"]
[Site "Sarajevo"]
[Date "2011.05.03"]
[Round "1.12"]
[White "Zlobec, Srdjan"]
[Black "Solak, Dragan"]
[Result "0-1"]
[WhiteElo "2153"]
[BlackElo "2588"]
[PlyCount "92"]
[EventDate "2011.05.03"]

1. d4 g6 2. Nf3 Bg7 3. Bf4 Nf6 4. e3 O-O 5. h3 d6 6. Be2 c5 7. c3 Be6 8. Qa4
Nc6 9. Nbd2 a6 10. O-O b5 11. Qd1 Qb6 12. Ng5 Bd7 13. Nge4 cxd4 14. Nxf6+ Bxf6
15. cxd4 Bg7 16. Ne4 Rac8 17. Qd2 Bf5 18. Ng3 Bd7 19. Ne4 h6 20. Rac1 Bf5 21.
Nc3 e5 22. Nd5 Qb7 23. dxe5 dxe5 24. Bg3 Nd4 25. Nb4 Nxe2+ 26. Qxe2 a5 27. Nd3
Qd5 28. Rcd1 Qxa2 29. Nxe5 Qb3 30. Rd2 Rfe8 31. Nf3 Rc2 32. Rxc2 Bxc2 33. Rc1
Bd3 34. Qe1 Qxb2 35. Rc7 a4 36. Qa5 a3 37. Ra7 b4 38. Bd6 Bc4 39. Bxb4 a2 40.
Nd4 Qc1+ 41. Kh2 Be5+ 42. f4 Bxd4 43. exd4 Qxf4+ 44. Kh1 Re2 45. Qd8+ Kh7 46.
Qa8 Rf2 0-1

[Event "41st IT Bosna 2011"]
[Site "Sarajevo"]
[Date "2011.05.03"]
[Round "1.13"]
[White "Melkumyan, Hrant"]
[Black "Marjanovic, Dejan"]
[Result "1-0"]
[WhiteElo "2580"]
[BlackElo "2149"]
[PlyCount "113"]
[EventDate "2011.05.03"]

1. d4 Nf6 2. c4 g6 3. Nc3 Bg7 4. e4 d6 5. Nf3 O-O 6. Be2 e5 7. O-O Nbd7 8. Qc2
c6 9. Rd1 exd4 10. Nxd4 Re8 11. Bg5 h6 12. Bh4 g5 13. Bg3 Ne5 14. c5 d5 15.
exd5 Nxd5 16. Nxd5 cxd5 17. Rac1 a6 18. Nf5 Bxf5 19. Qxf5 Qa5 20. a3 Rad8 21.
Bh5 Re7 22. h4 f6 23. Rd4 Qb5 24. b4 Qa4 25. Rc3 Qd7 26. Bg6 Nxg6 27. Qxg6 Qe8
28. Qf5 Qd7 29. Rf3 Re4 30. Rxe4 Qxf5 31. Re8+ Rxe8 32. Rxf5 Re1+ 33. Kh2 Rd1
34. Bd6 Kf7 35. hxg5 hxg5 36. Rf3 d4 37. g4 Ke6 38. Kg2 Kd5 39. Be7 d3 40. Bxf6
d2 41. Rd3+ Kc4 42. Rd4+ Kc3 43. Bxg7 Rb1 44. Bf6 Kc2 45. Bxg5 d1=Q 46. Rxd1
Rxd1 47. Kf3 Kb3 48. Be7 Rd7 49. Bf6 Kxa3 50. g5 Rc7 51. Ke4 Kxb4 52. g6 Rc8
53. g7 a5 54. c6 Re8+ 55. Kf5 Kb5 56. cxb7 a4 57. Be5 1-0

[Event "41st IT Bosna 2011"]
[Site "Sarajevo"]
[Date "2011.05.03"]
[Round "1.14"]
[White "Brkic, Mustafa"]
[Black "Perunovic, Milos"]
[Result "0-1"]
[WhiteElo "2143"]
[BlackElo "2578"]
[PlyCount "118"]
[EventDate "2011.05.03"]

1. b3 Nf6 2. Bb2 c5 3. e3 e6 4. c4 Be7 5. Nf3 b6 6. g3 Bb7 7. Bg2 O-O 8. O-O d6
9. d4 Nbd7 10. Nc3 a6 11. Qc2 Qc7 12. Rad1 cxd4 13. Nxd4 Rac8 14. Bxb7 Qxb7 15.
Qe2 Rfd8 16. Qf3 Qc7 17. Rd2 Bf8 18. Rfd1 Ne5 19. Qg2 d5 20. cxd5 Nxd5 21. Nxd5
Rxd5 22. Nf3 Rxd2 23. Nxd2 Nd3 24. Ba1 Qc2 25. Qf1 b5 26. Nf3 Nxf2 27. Rd2 Nh3+
28. Qxh3 Qb1+ 29. Kg2 Qxa1 30. Ng5 Qb1 31. Qh5 Rc7 32. Qf3 h6 33. Nh3 Rc2 34.
Qe2 Rxd2 35. Qxd2 Qe4+ 36. Kf2 Qh1 37. Nf4 Qxh2+ 38. Ng2 Qh3 39. Qa5 Qf5+ 40.
Kg1 Qe5 41. Qxa6 b4 42. Kf2 g5 43. Qa8 Kg7 44. g4 Bd6 45. Qc6 Qb2+ 46. Kf3 Qf6+
47. Ke2 Bg3 48. Qa8 Qb2+ 49. Kd3 Qc3+ 50. Ke4 Qc2+ 51. Kd4 e5+ 52. Kd5 Qxg2+
53. e4 Qf3 54. Kc4 Qxg4 55. Kxb4 h5 56. a4 h4 57. a5 h3 58. a6 h2 59. Qc8 Qxc8
0-1

[Event "41st IT Bosna 2011"]
[Site "Sarajevo"]
[Date "2011.05.03"]
[Round "1.15"]
[White "Kovacevic, Aleksandar"]
[Black "Hadzovic, Amir"]
[Result "1-0"]
[WhiteElo "2575"]
[BlackElo "2143"]
[PlyCount "117"]
[EventDate "2011.05.03"]

1. e4 e5 2. Nf3 Nc6 3. Bb5 a6 4. Bxc6 dxc6 5. O-O Bg4 6. h3 Bxf3 7. Qxf3 Qf6 8.
Qg3 Bc5 9. d3 Ne7 10. Be3 Bb6 11. Bxb6 cxb6 12. f4 exf4 13. Qxf4 Qd4+ 14. Qf2
Qxf2+ 15. Rxf2 Rd8 16. Nd2 O-O 17. a4 f6 18. Rff1 Nc8 19. Nc4 Rd7 20. g3 Re8
21. Kg2 b5 22. axb5 axb5 23. Ne3 Nb6 24. b3 Kf7 25. g4 Re5 26. h4 Ke6 27. Kf3
Kd6 28. d4 Re8 29. c4 bxc4 30. bxc4 Kc7 31. c5 Nc8 32. Ra4 b5 33. Rb4 Ne7 34.
Ra1 Kb7 35. Nc4 Nc8 36. Ne3 Ne7 37. Nc2 h5 38. gxh5 f5 39. e5 Nd5 40. Rb3 Nc7
41. Rba3 Re6 42. Ra7+ Kc8 43. Rg1 Kb8 44. Raa1 Rh6 45. Rg6 Ne6 46. Ke3 Kb7 47.
Rag1 Nc7 48. Rxg7 Nd5+ 49. Kf3 Rxg7 50. Rxg7+ Ka6 51. Rg6 Rxh5 52. Rxc6+ Ka5
53. Rd6 Nc3 54. Rd8 b4 55. Ra8+ Kb5 56. Rb8+ Kc4 57. Rxb4+ Kd3 58. Ne3 f4 59.
Ng2 1-0

[Event "41st IT Bosna 2011"]
[Site "Sarajevo"]
[Date "2011.05.03"]
[Round "1.16"]
[White "Hajdarevic, Samir"]
[Black "Lafuente, Pablo"]
[Result "0-1"]
[WhiteElo "2143"]
[BlackElo "2555"]
[PlyCount "54"]
[EventDate "2011.05.03"]

1. d4 Nf6 2. Bg5 e6 3. e4 h6 4. Bxf6 Qxf6 5. Nf3 d5 6. e5 Qd8 7. Nbd2 c5 8. c3
Nc6 9. dxc5 Bxc5 10. Nb3 Bb6 11. Bd3 O-O 12. Bc2 f6 13. Qd3 f5 14. O-O-O a5 15.
a3 a4 16. Nbd4 Bxd4 17. cxd4 b6 18. Kb1 Ba6 19. Qd2 Bc4 20. h4 b5 21. Rh3 b4
22. Ka1 bxa3 23. bxa3 Qe7 24. Ng1 Na5 25. Qb4 Qxb4 26. axb4 Nb3+ 27. Kb1 Rfb8
0-1

[Event "41st IT Bosna 2011"]
[Site "Sarajevo"]
[Date "2011.05.03"]
[Round "1.17"]
[White "Esen, Baris"]
[Black "Banduka, Zeljko"]
[Result "1-0"]
[WhiteElo "2553"]
[BlackElo "2133"]
[PlyCount "69"]
[EventDate "2011.05.03"]

1. d4 d5 2. c4 c6 3. Nf3 Nf6 4. Nc3 e6 5. e3 Nbd7 6. Bd3 dxc4 7. Bxc4 b5 8. Bd3
a6 9. e4 c5 10. e5 cxd4 11. Nxb5 axb5 12. exf6 gxf6 13. O-O Qb6 14. Qe2 Bd6 15.
Rd1 Bb7 16. Be4 Rg8 17. Nxd4 Bc5 18. Bxb7 Qxb7 19. g3 Bxd4 20. Rxd4 Ne5 21. Re4
Ra4 22. Re3 Qd5 23. Bd2 Ng4 24. Rc3 Nxh2 25. Rac1 Rc4 26. Rxc4 Nf3+ 27. Qxf3
Qxf3 28. Rc8+ Kd7 29. Rxg8 e5 30. Rgc8 h5 31. R8c3 Qg4 32. Rd3+ Ke6 33. Rc6+
Kf5 34. Kg2 e4 35. Rd5+ 1-0

[Event "41st IT Bosna 2011"]
[Site "Sarajevo"]
[Date "2011.05.03"]
[Round "1.18"]
[White "Kozarcanin, Sead"]
[Black "Popovic, Dusan"]
[Result "0-1"]
[WhiteElo "2131"]
[BlackElo "2553"]
[PlyCount "56"]
[EventDate "2011.05.03"]

1. e4 c5 2. Nf3 d6 3. d4 cxd4 4. Qxd4 a6 5. c4 Nc6 6. Qd2 g6 7. Nc3 Bh6 8. Qc2
Bg7 9. Be2 Bg4 10. Bd2 Nf6 11. Rc1 O-O 12. b3 Rc8 13. Qb1 Nd7 14. h3 Bxf3 15.
Bxf3 e6 16. h4 Nd4 17. Bd1 b5 18. cxb5 axb5 19. Ne2 Rxc1 20. Bxc1 d5 21. Bb2
Nxe2 22. Bxg7 Kxg7 23. Kxe2 Nf6 24. Bc2 Qc7 25. g3 Rc8 26. Bd3 dxe4 27. Bxe4
Qe5 28. Kf3 Nxe4 0-1

[Event "41st IT Bosna 2011"]
[Site "Sarajevo"]
[Date "2011.05.03"]
[Round "1.19"]
[White "Rapport, Richard"]
[Black "Spasenovic, Zoran"]
[Result "1/2-1/2"]
[WhiteElo "2552"]
[BlackElo "2131"]
[PlyCount "123"]
[EventDate "2011.05.03"]

1. e4 c6 2. d4 d5 3. e5 Bf5 4. Nd2 e6 5. Nb3 Nd7 6. Nf3 Ne7 7. Be2 Nc8 8. O-O
Be7 9. a4 a5 10. Bd2 O-O 11. Ne1 f6 12. f4 Bg6 13. Nd3 f5 14. Nf2 b6 15. c4 Nb8
16. Rc1 Na6 17. cxd5 cxd5 18. Qc2 Nb4 19. Bxb4 Bxb4 20. Nd3 Qe7 21. Qc6 Rb8 22.
Qc7 Rb7 23. Qxc8 Rxc8 24. Rxc8+ Be8 25. Nxb4 Qxb4 26. Bb5 Re7 27. Bxe8 Rxe8 28.
Rxe8+ Kf7 29. Rc8 Qxb3 30. Rc7+ Kg6 31. Re7 Qxa4 32. Rxe6+ Kf7 33. Rd6 Qxd4+
34. Kh1 Qd2 35. Rxb6 d4 36. h3 d3 37. Rd6 Qc2 38. Rf3 Qc1+ 39. Kh2 d2 40. Rfd3
d1=Q 41. Rxd1 Qxf4+ 42. Kh1 Qxe5 43. b3 Qe3 44. Rd7+ Kg6 45. R7d3 Qe2 46. Rd6+
Kg5 47. R6d5 Qe3 48. R1d3 Qe1+ 49. Kh2 g6 50. Rb5 Kh5 51. Rd7 Kh6 52. Rd4 Qe3
53. Rh4+ Kg5 54. Ra4 Kh6 55. Rh4+ Kg5 56. Rg4+ Kh6 57. Rg3 Qd2 58. h4 Qe1 59.
Rd3 Kh5 60. Rd4 Qe3 61. Ra4 Kh6 62. Rbxa5 1/2-1/2

[Event "41st IT Bosna 2011"]
[Site "Sarajevo"]
[Date "2011.05.03"]
[Round "1.20"]
[White "Corovic, Sean"]
[Black "Saric, Ibro"]
[Result "0-1"]
[WhiteElo "2116"]
[BlackElo "2549"]
[PlyCount "104"]
[EventDate "2011.05.03"]

1. d4 Nf6 2. Nf3 e6 3. c4 d5 4. Nc3 dxc4 5. e3 a6 6. a4 b6 7. Bxc4 Bb7 8. O-O
Bb4 9. Qe2 O-O 10. Rd1 Qe7 11. Bd3 c5 12. Ne5 Nbd7 13. Nxd7 Nxd7 14. Be4 Nf6
15. Bxb7 Qxb7 16. Na2 Rfc8 17. b3 Nd5 18. Bb2 a5 19. Rac1 cxd4 20. Nxb4 axb4
21. Bxd4 Nc3 22. Bxc3 Rxc3 23. Rxc3 bxc3 24. Qc4 Qc8 25. Qxc8+ Rxc8 26. Rc1 f5
27. Kf1 e5 28. Ke2 e4 29. Rc2 Kf7 30. Kd1 Ke6 31. Ra2 Rd8+ 32. Kc2 Rd2+ 33. Kb1
Rd3 34. a5 Rd1+ 35. Kc2 Rd2+ 36. Kb1 Rxa2 37. Kxa2 bxa5 38. Kb1 Kd5 39. Kc2 Kc5
40. Kxc3 Kb5 41. h4 g6 42. g3 Kc5 43. Kc2 Kb4 44. Kb2 h6 45. h5 gxh5 46. Ka2
Kc3 47. Ka3 Kc2 48. Ka2 Kd2 49. Ka3 Ke2 50. Ka4 Kxf2 51. Kxa5 Kxe3 52. b4 Kf2
0-1

[Event "41st IT Bosna 2011"]
[Site "Sarajevo"]
[Date "2011.05.03"]
[Round "1.21"]
[White "Prohaszka, Peter"]
[Black "Alihodzic, Muzafer"]
[Result "1-0"]
[WhiteElo "2547"]
[BlackElo "2109"]
[PlyCount "63"]
[EventDate "2011.05.03"]

1. d4 c6 2. Nf3 d5 3. c4 Nf6 4. Nc3 e6 5. g3 Nbd7 6. Bg2 Bd6 7. O-O h6 8. Qc2
O-O 9. Rd1 Re8 10. e4 Nxe4 11. Nxe4 dxe4 12. Qxe4 a5 13. Ne5 Nf6 14. Qe2 Qe7
15. Bf4 c5 16. dxc5 Bxc5 17. Rd3 Ra6 18. Rad1 Rb6 19. h4 Kh7 20. b3 a4 21. g4
axb3 22. axb3 Ra6 23. g5 Ng8 24. Be4+ g6 25. Rd7 Bxd7 26. Rxd7 Ra1+ 27. Kg2
Rea8 28. Rxe7 Nxe7 29. Nd3 R8a2 30. Qf3 Bd4 31. Be5 Nf5 32. Bxf5 1-0

[Event "41st IT Bosna 2011"]
[Site "Sarajevo"]
[Date "2011.05.03"]
[Round "1.22"]
[White "Sadikovic, Jasmin"]
[Black "Nevednichy, Vladislav"]
[Result "0-1"]
[WhiteElo "2093"]
[BlackElo "2542"]
[PlyCount "86"]
[EventDate "2011.05.03"]

1. e4 c5 2. Nf3 d6 3. d4 cxd4 4. Nxd4 Nf6 5. Nc3 Nc6 6. Bc4 Qb6 7. Nxc6 bxc6 8.
Qe2 g6 9. O-O Ng4 10. h3 Ne5 11. Bd3 Bg7 12. Rb1 O-O 13. Be3 Qc7 14. Ba6 Bxa6
15. Qxa6 e6 16. f4 Nd7 17. Ne2 d5 18. exd5 cxd5 19. c3 Nc5 20. Bxc5 Qxc5+ 21.
Kh1 Rfc8 22. Qd3 Qc4 23. Qxc4 Rxc4 24. Rf3 Re4 25. Ng3 Ra4 26. a3 Rb8 27. Rff1
h5 28. Ne2 Re4 29. Rfe1 h4 30. b4 Rc8 31. Rbc1 Bxc3 32. Nxc3 Rxe1+ 33. Rxe1
Rxc3 34. Ra1 Rb3 35. Kg1 Kf8 36. Kf2 Ke7 37. Ke2 Kd6 38. Ra2 d4 39. Rd2 Kd5 40.
Rd3 Rxd3 41. Kxd3 f6 42. a4 e5 43. fxe5 fxe5 0-1

[Event "41st IT Bosna 2011"]
[Site "Sarajevo"]
[Date "2011.05.03"]
[Round "1.23"]
[White "Grandelius, Nils"]
[Black "Cerimovic, Aldin"]
[Result "1-0"]
[WhiteElo "2541"]
[BlackElo "2092"]
[PlyCount "63"]
[EventDate "2011.05.03"]

1. Nf3 d5 2. c4 e6 3. g3 Nf6 4. Bg2 Be7 5. O-O O-O 6. b3 Nbd7 7. Bb2 Re8 8. d4
c6 9. Ne5 Qc7 10. Nd2 Bd6 11. f4 Nf8 12. Rc1 Bb4 13. a3 Bxd2 14. Qxd2 Ne4 15.
Qe3 f6 16. Nd3 f5 17. g4 Qd8 18. Ne5 Nf6 19. Qg3 a5 20. a4 fxg4 21. Nxg4 Nxg4
22. Qxg4 e5 23. f5 e4 24. cxd5 cxd5 25. Qg3 Re7 26. Ba3 Rf7 27. Qe5 Ra6 28. Rc5
Rd7 29. Rfc1 Rc6 30. Rxc6 bxc6 31. Bxf8 Qxf8 32. Rxc6 1-0

[Event "41st IT Bosna 2011"]
[Site "Sarajevo"]
[Date "2011.05.03"]
[Round "1.24"]
[White "Hamornik, Jozef"]
[Black "Berczes, David"]
[Result "0-1"]
[WhiteElo "2063"]
[BlackElo "2531"]
[PlyCount "58"]
[EventDate "2011.05.03"]

1. Nf3 d5 2. c4 e6 3. g3 Nf6 4. Bg2 Be7 5. O-O O-O 6. b3 c5 7. cxd5 exd5 8. d4
Nc6 9. Bb2 Bg4 10. Nbd2 Re8 11. h3 Bh5 12. g4 Bg6 13. Ne5 Nxd4 14. Nxg6 hxg6
15. Bxd4 cxd4 16. Nf3 Ne4 17. Nxd4 Bf6 18. e3 Rc8 19. Re1 Be5 20. f4 Bc7 21. b4
g5 22. fxg5 Qd6 23. Nf3 Qg3 24. Rf1 Bb6 25. Qxd5 Rc2 26. Nd2 Nxg5 27. Nc4 Bc7
28. Rf5 Nxh3+ 29. Kf1 Rf2+ 0-1

[Event "41st IT Bosna 2011"]
[Site "Sarajevo"]
[Date "2011.05.03"]
[Round "1.25"]
[White "Kurajica, Bojan"]
[Black "Cosovic, Aziz"]
[Result "1/2-1/2"]
[WhiteElo "2531"]
[BlackElo "2059"]
[PlyCount "132"]
[EventDate "2011.05.03"]

1. d4 Nf6 2. Nf3 g6 3. g3 b6 4. Bg2 Bb7 5. c4 Bg7 6. O-O O-O 7. d5 c6 8. Nc3 d6
9. e4 Nbd7 10. dxc6 Bxc6 11. Nd4 Bb7 12. e5 dxe5 13. Bxb7 exd4 14. Bxa8 Qxa8
15. Qxd4 Nc5 16. Rd1 e6 17. Bh6 e5 18. Qd2 Ne6 19. Bxg7 Nd4 20. Qe3 Nf3+ 21.
Kf1 Nxh2+ 22. Ke2 Kxg7 23. f3 e4 24. fxe4 Re8 25. Rd4 Qc8 26. Kd2 Qg4 27. Kc2
Nf3 28. Rf1 Nxd4+ 29. Qxd4 Re6 30. b4 Qxg3 31. c5 bxc5 32. bxc5 Qe5 33. Kd3
Qxd4+ 34. Kxd4 h5 35. Rc1 h4 36. Rh1 g5 37. e5 Nd7 38. Ne4 Kh6 39. Rg1 Rg6 40.
Nd6 Nf8 41. Nxf7+ Kh5 42. Nd8 g4 43. c6 Rg7 44. e6 h3 45. Ke5 h2 46. Rh1 g3 47.
Kf6 Rc7 48. e7 Nh7+ 49. Ke6 Ng5+ 50. Kd6 Rxe7 51. Kxe7 Kg6 52. c7 g2 53. Rxh2
g1=Q 54. c8=Q Qxh2 55. Qa6+ Kf5 56. Qc8+ Kg6 57. Qc6+ Kf5 58. Qb5+ Kg6 59. Qd3+
Kh5 60. Qc4 Qe5+ 61. Kd7 a5 62. a4 Ne4 63. Qe2+ Kh4 64. Qe1+ Kg4 65. Qe2+ Kg3
66. Qd3+ Kg4 1/2-1/2

[Event "41st IT Bosna 2011"]
[Site "Sarajevo"]
[Date "2011.05.03"]
[Round "1.26"]
[White "Arat, Ufuk Sezen"]
[Black "Sebenik, Matej"]
[Result "0-1"]
[WhiteElo "2053"]
[BlackElo "2524"]
[PlyCount "56"]
[EventDate "2011.05.03"]

1. e4 e6 2. d3 d5 3. Nd2 c5 4. Ngf3 Nc6 5. g3 Bd6 6. Bg2 Nge7 7. O-O O-O 8. Re1
Qc7 9. c3 Bd7 10. Qe2 f6 11. Nb3 Ng6 12. h4 Rae8 13. h5 Nh8 14. d4 dxe4 15.
dxc5 Bxg3 16. fxg3 exf3 17. Qxf3 Nf7 18. Nd4 a6 19. Be3 e5 20. Nf5 e4 21. Qf2
Nce5 22. Bxe4 Ng5 23. Bxg5 fxg5 24. Rf1 Bxf5 25. Bxf5 g6 26. g4 gxf5 27. gxf5
Ng4 28. Qg2 Ne3 0-1